Cuaderno de obligaciones Nð 6. Prescripcin̤ extintiva /

Detalles Bibliográficos
Autor principal: Vallespinos, Carlos G.
Formato: eBook
Lenguaje:español
Publicado: Cr̤doba: Alveroni Ediciones, 2014
Materias:
Acceso en línea:Acceso restringido

MARC

LEADER 00000nam a22000007a 4500
005 20140915231413.0
007 cr|||| ||||
008 140915s2014 ar |||||s|||| 00||0 spa d
020 |a 978-987-643-104-0 
035 |a 12375 
040 |a vLex 
090 |c 5155  |d 5155 
100 1 |a Vallespinos, Carlos G. 
245 1 0 |a Cuaderno de obligaciones Nð 6.  |h [Recurso electrn̤ico] :  |b Prescripcin̤ extintiva /  |c Carlos G. Vallespinos 
256 |a Servicio en ln̕ea 
260 |a Cr̤doba:  |b Alveroni Ediciones,  |c 2014 
300 |a 1 recurso electrn̤ico 
506 1 |a Disponible solo en los productos indicados  |d vLex Global  |d vLex Global (Academic Edition, excluding Law Schools)  |d vLex Global (U.S. Academic Edition, Law Schools)  |d vLex Global (U.S. Academic Edition, excluding Law Schools)  |d vLex Global (Academic Edition, Law Schools) 
650 0 4 |a Derecho Civil  |z Argentina 
740 0 |a vLex Libros (Servicio en ln̕ea) 
856 4 0 |u http://vlex.com/source/cuaderno-obligaciones-n-6-prescripcion-extintiva-12375  |z Acceso restringido 
942 |c BOOK 
999 0 |a Civil Law